000
00326 a2200109 4500
001
ART_46442
005
20260410161953.0
008
260409a
245
1
0
_a
El contrato de consumo
100
1
_a
Alvarez Larrondo, Federico M.
773
0
_t
Temas de derecho comercial
_g
- Año 4, N° 3 (mar. 2018)
_w
REV28151
999
_c
30599
_d
30599